| Tag |
First Indicator |
Second Indicator |
Subfields |
| LEADER |
00000cam a2200000 4500 |
| 001 |
in00000306921 |
| 005 |
20151010100704.0 |
| 008 |
730928s1957 enka 00000 eng d |
| 010 |
|
|
|a 58001702
|
| 035 |
|
|
|a (OCoLC)00704527
|
| 035 |
|
|
|9 ABH1882AM
|
| 040 |
|
|
|c TFW
|d TXA
|d UtOrBLW
|
| 049 |
|
|
|a TXAM
|c [951071]
|
| 050 |
0 |
0 |
|a DK32
|b .P66
|
| 100 |
1 |
|
|a Polunin, Vladimir.
|
| 245 |
1 |
0 |
|a Three generations ;
|b family life in Russia, 1845-1902 /
|c Translated by A. F. Birch-Jones.
|
| 264 |
|
1 |
|a London :
|b L. Hill,
|c 1957.
|
| 300 |
|
|
|a 397 pages :
|b illustrations
|
| 336 |
|
|
|a text
|b txt
|2 rdacontent
|
| 337 |
|
|
|a unmediated
|b n
|2 rdamedia
|
| 338 |
|
|
|a volume
|b nc
|2 rdacarrier
|
| 651 |
|
0 |
|a Soviet Union
|x Social life and customs.
|
| 999 |
|
|
|a MARS
|
| 999 |
f |
f |
|s 9efe0480-04cf-34a5-a1a5-f22c3d59183d
|i 12cf4c05-196d-3c9d-8069-b423c5a97595
|t 0
|
| 952 |
f |
f |
|p ric
|a Texas A&M University
|b Rellis Campus
|c Joint Library Facility
|d Remote Storage
|t 0
|e DK32 .P66
|h Library of Congress classification
|i unmediated -- volume
|m A14801997655
|
| 998 |
f |
f |
|a DK32 .P66
|t 0
|l Remote Storage
|